| 000 | 02269nam a22002897a 4500 | ||
|---|---|---|---|
| 003 | BJBSDDR | ||
| 005 | 20260302113411.0 | ||
| 007 | ta | ||
| 008 | 260210s2023 fr ||||| |||| 00| 0 fre d | ||
| 020 | _a9791021055872 | ||
| 040 |
_beng _cDLC |
||
| 041 | _afre | ||
| 050 | 1 | 4 |
_aU 163 _bC719g 2023 |
| 100 | 1 |
_aColon, David, _d1973- _912118 |
|
| 245 | 1 | 3 |
_aLa guerre de l'information : _bles Etats à la conquête de nos esprits / _cDavid Colon |
| 260 |
_aParis : _bEditions Tallandier, _c2023 |
||
| 300 |
_a475 pages ; _c22 cm |
||
| 490 | 1 | _aTallandier essais | |
| 520 | _aUne guerre à laquelle nous n'étions pas préparés se déroule sous nos yeux, pour l'essentiel sans que nous en soyons conscients, et constitue pour nos démocraties une menace mortelle.Depuis la fin de la guerre froide et l'essor d'Internet et de médias planétaires, la militarisation de l'information par les États bouleverse l'ordre géopolitique. La guerre de l'information, qui oppose les États autoritaires aux régimes démocratiques, démultiplie les champs de bataille et fait de chaque citoyen un potentiel soldat. Plus que jamais, la puissance des États -qu'il s'agisse de leur hard power, leur soft power ou leur sharp power- dépend de leur capacité à mettre leurs moyens de communication au service de leur influence, en recourant à la cyberguerre, à la désinformation ou à l'instrumentalisation de théories du complot. À l'ère de l'intelligence artificielle et de la guerre cognitive, les médias sociaux sont le théâtre d'une « guerre du Net » sans merci, sans fin, dont nos esprits sont l'enjeu. Dans cet ouvrage, David Colon, spécialiste de l'histoire de la propagande et de la manipulation de masse, décrit les mécanismes de cette guerre longtemps restée secrète en dévoilant les stratégies de ses commanditaires et en décrivant les tactiques et le parcours de ses acteurs, qu'ils soient agents secrets, diplomates, journalistes ou hackers | ||
| 650 | 4 |
_aOperaciones del ciberespacio (Ciencia militar) _926496 |
|
| 650 | 4 |
_aGuerra informativa _93220 |
|
| 650 | 4 |
_aMedios digitales _xAspectos políticos _943438 |
|
| 650 | 4 |
_aComunicación en política _91961 |
|
| 830 | 0 |
_aTallandier essais _947252 |
|
| 942 |
_2lcc _cBK |
||
| 946 | _icmc | ||
| 999 |
_c126362 _d126362 |
||